000 00249nam a2200097Ia 4500
008 230907s9999||||xx |||||||||||||| ||und||
082 _a388.312
_bTRA
245 0 _aTransportation and power grid in smart cities :
300 _a651 pages.
942 _cBK
999 _c599963
_d599963